Central Library OPAC University of Rajshahi

The oneness of mankind / (Record no. 33318)

MARC details
000 -LEADER
fixed length control field 00772nam a22002531 4500
001 - CONTROL NUMBER
control field 33318
003 - CONTROL NUMBER IDENTIFIER
rucl marc code BD-RjUL
005 - DATE AND TIME OF LATEST TRANSACTION
control field 20211209052003.0
008 - FIXED-LENGTH DATA ELEMENTS--GENERAL INFORMATION
fixed length control field 140508s1965 enka b 001 0 eng d
035 ## - SYSTEM CONTROL NUMBER
System control number (BD-RjUL)33409
040 ## - CATALOGING SOURCE
Original cataloging agency DLC
Transcribing agency OTU
Modifying agency OCoLC
-- Uk
-- DLC
-- BD-RjUL
Language of cataloging eng
041 ## - LANGUAGE CODE
Language code of text/sound track or separate title eng
082 00 - DEWEY DECIMAL CLASSIFICATION NUMBER
Classification number 300
Author mark and year MUO 1965
100 1# - MAIN ENTRY--PERSONAL NAME
Personal name Mukerjee, Radhakamal,
Dates associated with a name 1889-
9 (RLIN) 4127
245 14 - TITLE STATEMENT
Title The oneness of mankind /
Statement of responsibility, etc. by Radhakamal Mukerjee
260 ## - PUBLICATION, DISTRIBUTION, ETC. (IMPRINT)
Place of publication, distribution, etc. London :
Name of publisher, distributor, etc. Macmillan,
Date of publication, distribution, etc. 1965 [i.e. 1966]
300 ## - PHYSICAL DESCRIPTION
Pagination x, 107 p. :
Illustrations tables. ;
Size 25 cm.
504 ## - BIBLIOGRAPHY, ETC. NOTE
Bibliography, etc Include index Bibliography: p. [97]-102.
650 #0 - SUBJECT ADDED ENTRY--TOPICAL TERM
Topical term or geographic name as entry element Philosophical anthropology.
9 (RLIN) 3634
Topical term or geographic name as entry element International relations.
9 (RLIN) 101161
942 ## - ADDED ENTRY ELEMENTS (KOHA)
Source of classification or shelving scheme Dewey Decimal Classification
Koha item type Books
Holdings
Lost status Source of classification or shelving scheme Damaged status Not for loan Collection code Permanent Location Current Location Shelving location Date acquired Source of acquisition Cost, normal purchase price Total Checkouts Full call number Date last seen Copy number Koha item type
  Dewey Decimal Classification   Not For Loan Non-fiction Central Library, University of Rajshahi Central Library, University of Rajshahi Reading Room 21/12/1968 Zeitlinger 20.00   300 MUO 1965 07/05/2014 C-1 Books
  Dewey Decimal Classification     Non-fiction Central Library, University of Rajshahi Central Library, University of Rajshahi   28/12/1968 Zeitlinger 20.00   300 MUO 1965 08/05/2014 C-2 Books
  Dewey Decimal Classification     Non-fiction Central Library, University of Rajshahi Central Library, University of Rajshahi   28/12/1968 zeithinger 20.00   300 MUO 1965 11/05/2014 C-3 Books